| 000 | 01296nam a22002775i 4500 | ||
|---|---|---|---|
| 001 | 166902 | ||
| 003 | ES-MaACL | ||
| 005 | 20231223063113.0 | ||
| 008 | 990917m18881890sp |||| | spa d | ||
| 080 | _a821.134.2-31"18" | ||
| 100 | 1 |
_aValera, Juan, _d1824-1905 _9112638 |
|
| 245 | 1 | 0 |
_aNovelas / _cde D. Juan Valera ; precedidas de un prólogo por D. Antonio Cánovas del Castillo. |
| 260 |
_aMadrid : _b[s.n.], _c1888-1890 ( _fImp. y Fundición de M. Tello) |
||
| 300 |
_a3 v. ; _c17 cm. |
||
| 490 | 1 |
_aColección de escritores castellanos. Novelistas ; _v65-66, 78 |
|
| 490 | 1 |
_aObras de Don Juan Valera ; _v4-6 |
|
| 505 | 8 | _aContiene: I. Pepita Jiménez ; El comendador Mendoza (1888) (487 p.) - II. Doña Luz ; Pasarse de listo (1888) (494 p.) - III. Las ilusiones del doctor Faustino (1890) (528 p.) | |
| 530 | _aDisponible en formato digital. | ||
| 597 | _aPort. con orla tip. a dos tintas. | ||
| 700 | 1 |
_aCánovas del Castillo, Antonio, _d1828-1897 _934600 |
|
| 830 | 1 |
_aColección de escritores castellanos. Novelistas ; _v65-66, 78 _9188127 |
|
| 830 | 1 |
_aObras de Don Juan Valera ; _v4-6 _9188631 |
|
| 852 |
_aES-MaACL _jF-12685-87 _z- Enc. hol. |
||
| 856 |
_uhttp://bdh-rd.bne.es/viewer.vm?id=0000231899&page=1 _zBiblioteca Digital Hispánica |
||
| 999 |
_c166902 _d166902 |
||